CRISIS (Record no. 2490)
[ view plain ]
| 000 -LEADER | |
|---|---|
| fixed length control field | 00567nam a22001457a 4500 |
| 020 ## - INTERNATIONAL STANDARD BOOK NUMBER | |
| ISBN | 0-330-44552-9 |
| 082 ## - DEWEY DECIMAL CLASSIFICATION NUMBER | |
| Classification number | 823 |
| Item number | COO/C |
| 100 ## - MAIN ENTRY--AUTHOR NAME | |
| Personal name | COOK ,ROBIN |
| 245 ## - TITLE STATEMENT | |
| Title | CRISIS |
| 260 ## - PUBLICATION, DISTRIBUTION, ETC. (IMPRINT) | |
| Place of publication | LONDON |
| Name of publisher | PAN BOOKS |
| 300 ## - PHYSICAL DESCRIPTION | |
| Number of Pages | 468 |
| 520 ## - SUMMARY, ETC. | |
| Summary, etc | A distinguished and self-confident physician, Craig Bowman is delivered an ego-shattering blow when he is sued for malpractice by the husband of one of his patients, hypochondriac Patience Stanhope, who died while under his care. The trial takes up the bulk of this wordy novel. |
| 650 ## - SUBJECT ADDED ENTRY--TOPICAL TERM | |
| Topical Term | NOVEL,ENGLISH |
| Geographic subdivision | LONDON |
| 942 ## - ADDED ENTRY ELEMENTS (KOHA) | |
| Koha item type | Books |
| Withdrawn status | Lost status | Collection code | Home library | Current library | Shelving location | Date acquired | Source of acquisition | Full call number | Accession Number | Koha item type |
|---|---|---|---|---|---|---|---|---|---|---|
| Fiction | Main Library | Main Library | SHELF-2-E ENGLIAH NOVEL TEACHERS | 14/10/2011 | PURCHASE | 823 COO/C | 05590 | Books |